04224cam a22003375i 4500999001700000001001000017003000900027005001700036008004100053020001800094040005800112082002100170245011300191264004200304300005300346336002600399337002800425338002700453490004200480504005800522505197800580520098602558650003003544650003503574650004103609653002503650655002203675700004203697942001203739952013503751 c29033d29004019816667EG-ScBUE20201213110742.0200606s2020 sz f b 000 0 eng d z9783030421557 aEBLCPbengerdacEBLCPdLQUdGW5XEdDKUdUkdEG-ScBUE04a005.437bAUG22200aAugmented reality in education :ba new technology for teaching and learning /cVladimir Geroimenko, editor. 1aCham, Switzerland :bSpringer,c2020. axxv, 414 pages :billustrations (color) ;c24 cm atextbtxt2rdacontent aunmediatedbn2rdamedia avolumebnc2rdacarrier0 aSpringer series on cultural computing aIncludes bibliographical references and author index.0 aPart 1: General Aspects of Educational Augmented Reality -- Augmented Reality in Education: Current Status and Advancement of the Field -- Designing Augmented Reality Applications as Learning Activity -- An Online Platform for Enhancing Learning Experiences with Web-based Augmented Reality and Pictorial Bar Code -- The Concept of 'Bringing Your Own Device in Scaffolded and Augmented Education -- The FeDiNAR Project: Using Augmented Reality to Turn Mistakes into Learning Opportunities -- Choral Konsult: Augmented Reality for Electrate Learning -- Part II: Augmented Reality in Teaching Medicine and Science -- Augmented Reality in Medical Education and Training: From Physicians to Patients -- The Usage of Augmented Reality in Dental Education -- The Development of Augmented Reality Applications for Chemistry Learning -- Mixed Reality Books: Applying Augmented and Virtual Reality in Mining Engineering Education -- Part III: Educational Augmented Reality in Humanities and Art -- Beyond Historical Books, Names and Dates: Leveraging Augmented Reality to Promote Knowledge, Reasoning and Emotional Engagement -- Design and Implementation of Augmented Reality for English Language Education -- Iberian Cultures and Augmented Reality: Studies in Elementary School Education and Initial Teacher Training -- The Educational Use of the 'Harry Potter: Wizards Unite Augmented Reality Application -- Making Inside the Augment: Augmented Reality and Art/Design Education -- The 'Romantic App: Augmented Reality in Fine Art Education -- Part IV: Augmented Reality in Environmental and Special Education -- Augmented Reality for Outdoor Environmental Education -- Augmented Reality in Environmental Humanities Education -- Interacting Across Contexts: Augmented Reality Applications for Developing the Understanding of the Anthropocene -- Alaskan Timeosaurs and Interplanetary Human Spaghetti: A Regional Look at Augmented Reality in Special Classrooms -- Concluding Remarks. aThis is the first comprehensive research monograph devoted to the use of augmented reality in education. It is written by a team of 58 world-leading researchers, practitioners and artists from 15 countries, pioneering in employing augmented reality as a new teaching and learning technology and tool. The authors explore the state of the art in educational augmented reality and its usage in a large variety of particular areas, such as medical education and training, English language education, chemistry learning, environmental and special education, dental training, mining engineering teaching, historical and fine art education. Augmented Reality in Education: A New Technology for Teaching and Learning is essential reading not only for educators of all types and levels, educational researchers and technology developers, but also for students (both graduates and undergraduates) and anyone who is interested in the educational use of emerging augmented reality technology. 7aAugmented reality.2BUEsh 7aEducational technology.2BUEsh 7aVirtual reality in education.2BUEsh bCOMSCIcDecember2020 4aElectronic books.1 aGeroimenko, Vladimir,d1955-eeditor. 2ddccBB 00102ddc40708Donation-GaMAINbMAINcLOWd2020-12-13eDonationl0o005.437 AUGp000050082r2025-07-15 00:00:00w2020-12-13yBB